| 000 | 00984nam a2200277 a 4500 | ||
|---|---|---|---|
| 003 | BLK | ||
| 005 | 20250801091134.0 | ||
| 007 | ta | ||
| 008 | 221104b bu |||||r|||| 00| | bu d | ||
| 020 | _a9789542849339 | ||
| 040 | _aBLK | ||
| 041 |
_aBUL _cBUL |
||
| 080 |
_9241417 _aШведска литература _b821.113.6 _x-31 _z821.113.6-31 |
||
| 084 | _aР 59 | ||
| 100 |
_9498402 _aРидсен, Лиса |
||
| 245 |
_aЖеравите отлитат на юг _cЛиса Ридсен ; прев. от шведски Любомир Гиздов |
||
| 260 |
_9217021 _aСофия _bСиела Норма _c2025 |
||
| 300 |
_a342 с. _c20 см |
||
| 380 | _aX | ||
| 500 | _aОриг. загл. Tranorna flyger soderut / Lisa Ridzen | ||
| 700 |
_9455395 _aГиздов, Любомир Емилов |
||
| 852 |
_bП _c821-31/Р 59 Л |
||
| 856 |
_i0.00 _ldisable |
||
| 942 |
_cKNG _n0 _03 |
||
| 944 |
_a30570 _cМоника Янева _k30545 _lНора Радева |
||
| 999 |
_c539543 _d539543 |
||